[Event "Moscow op-F 14th"]
[Site "Moscow"]
[Date "2018.02.02"]
[Round "8"]
[White "Velichko, Arseny"]
[Black "Meyer, Henrik"]
[Result "0-1"]
[WhiteElo "2155"]
[BlackElo "2086"]
[PlyCount "116"]
[EventDate "2018.01.26"]
[EventType "swiss"]
[EventRounds "9"]
[EventCountry "RUS"]
[SourceTitle "CBM 182 Extra"]
[Source "ChessBase"]
[SourceDate "2018.02.23"]
[SourceVersion "1"]
[SourceVersionDate "2018.02.23"]
[SourceQuality "1"]

1. d4 c5 2. d5 Nf6 3. c4 e6 4. Nc3 exd5 5. cxd5 d6 6. Nf3 g6 7. Bf4 Bg7 8. Qa4+ Bd7 9. Qb3 b5 10. Bxd6 Qb6 11. Be5 0-0 12. e3 c4 13. Qd1 b4 14. Ne2 Rc8 15. Rc1 Qa5 16. Qd4 Nxd5 17. Bxg7 Nc6 18. Qd2 Kxg7 19. Rxc4 Qxa2 20. Nc1 Qa5 21. Nb3 Qa2 22. Nc5 Nb6 23. Rc1 Bg4 24. Be2 Rd8 25. Qc2 Rac8 26. 0-0 Bxf3 27. Ra1 Qd5 28. Bxf3 Qg5 29. Nb7 Ne5 30. Qe4 Rc4 31. Nxd8 Rxe4 32. Ne6+ fxe6 33. Rxa7+ Kh6 34. Bxe4 Nec4 35. f4 Qd8 36. g4 Nd7 37. g5+ Kg7 38. Rd1 Ncb6 39. Bc6 Qb8 40. Rb7 Qc8 41. Rd6 Kf7 42. e4 Ke7 43. e5 Kf8 44. Rxe6 Qa8 45. Kg2 Qa2 46. Rd6 Qxb2+ 47. Kg3 Qc3+ 48. Kg4 Qc2 49. e6 h5+ 50. Kg3 h4+ 51. Kh3 Qf5+ 52. Kg2 Qg4+ 53. Kh1 Qe2 54. h3 Qf1+ 55. Kh2 Qxf4+ 56. Kg1 Qxd6 57. exd7 Nxd7 58. Bxd7 Qg3+ 0-1

[Event "GER-ch U25-A"]
[Site "Willingen"]
[Date "2017.06.05"]
[Round "3"]
[White "Meyer, Henrik"]
[Black "Irkilmez, Yakub"]
[Result "1/2-1/2"]
[WhiteElo "2118"]
[BlackElo "1882"]
[PlyCount "91"]
[EventDate "2017.06.04"]
[EventType "swiss"]
[EventRounds "9"]
[EventCountry "GER"]
[SourceTitle "CBM 178 Extra"]
[Source "ChessBase"]
[SourceDate "2017.06.22"]
[SourceVersion "1"]
[SourceVersionDate "2017.06.22"]
[SourceQuality "1"]

1. e4 e6 2. Nf3 d5 3. e5 c5 4. b4 cxb4 5. a3 Nc6 6. d4 Bd7 7. axb4 Bxb4+ 8. c3 Ba5 9. Bd3 Bc7 10. 0-0 Nge7 11. Na3 a6 12. Nc2 h6 13. Ne3 b5 14. Ba3 Na5 15. Nh4 Nc4 16. Bxc4 dxc4 17. f4 g6 18. Qf3 h5 19. Bxe7 Kxe7 20. f5 gxf5 21. Nhxf5+ exf5 22. Nd5+ Kf8 23. Nxc7 Ra7 24. Nxa6 Rh6 25. Nb4 Ra4 26. Rad1 h4 27. d5 Rxb4 28. cxb4 h3 29. g3 Rg6 30. Rf2 Qe7 31. Qc3 Qh4 32. e6 fxe6 33. dxe6 Bxe6 34. Qe5 Qg5 35. Qc7 Qe7 36. Qb8+ Kg7 37. Qe5+ Rf6 38. Qxb5 Qc7 39. Qc5 Qb7 40. b5 c3 41. Rc1 Qe4 42. Qe7+ Kg6 43. b6 Qe3 44. Qa3 Bd5 45. Rxc3 Qe1+ 46. Rf1 1/2-1/2

[Event "Hamburg CC Easter op 3rd"]
[Site "Hamburg"]
[Date "2017.04.17"]
[Round "7"]
[White "Nedic, Dusan"]
[Black "Meyer, Henrik"]
[Result "1-0"]
[WhiteElo "2352"]
[BlackElo "2123"]
[PlyCount "89"]
[EventDate "2017.04.14"]
[EventType "swiss"]
[EventRounds "7"]
[EventCountry "GER"]
[SourceTitle "CBM 177 Extra"]
[Source "ChessBase"]
[SourceDate "2017.04.27"]
[SourceVersion "1"]
[SourceVersionDate "2017.04.27"]
[SourceQuality "1"]

1. d4 Nf6 2. c4 c5 3. d5 e6 4. Nc3 exd5 5. cxd5 d6 6. e4 g6 7. Nge2 Bg7 8. Ng3 0-0 9. Be2 a6 10. a4 Nbd7 11. 0-0 Qe7 12. Be3 Rb8 13. f3 Ne8 14. Qd2 Nc7 15. f4 b5 16. e5 f5 17. axb5 Nxb5 18. Nxb5 axb5 19. e6 Nf6 20. h3 Bb7 21. Ra7 Ra8 22. Rxa8 Rxa8 23. Bf3 Ne8 24. b4 c4 25. Bd4 Ra3 26. Bxg7 Qxg7 27. Kh2 Qc3 28. Qxc3 Rxc3 29. Ra1 Rd3 30. Ne2 Nf6 31. Ra5 Bxd5 32. Bxd5 Nxd5 33. Rxb5 Rd2 34. Nc3 Ne7 35. Rb7 Kf8 36. b5 d5 37. b6 d4 38. Nb5 Rb2 39. Nxd4 Nd5 40. Rf7+ Ke8 41. b7 Ne7 42. Rxh7 Kd8 43. Rh8+ Kc7 44. Re8 Nd5 45. e7 1-0

[Event "Hamburg CC Easter op 3rd"]
[Site "Hamburg"]
[Date "2017.04.16"]
[Round "5"]
[White "Meyer, Henrik"]
[Black "Uksini, Bardhyl"]
[Result "0-1"]
[WhiteElo "2123"]
[BlackElo "2319"]
[PlyCount "138"]
[EventDate "2017.04.14"]
[EventType "swiss"]
[EventRounds "7"]
[EventCountry "GER"]
[SourceTitle "CBM 177 Extra"]
[Source "ChessBase"]
[SourceDate "2017.04.27"]
[SourceVersion "1"]
[SourceVersionDate "2017.04.27"]
[SourceQuality "1"]

1. e4 c5 2. Nf3 e6 3. d4 cxd4 4. Nxd4 Nc6 5. Nc3 Qc7 6. g3 a6 7. Bg2 d6 8. 0-0 Bd7 9. Re1 Be7 10. Nxc6 bxc6 11. Na4 e5 12. c4 c5 13. Nc3 Nf6 14. Bg5 Bc6 15. Bxf6 Bxf6 16. Nd5 Bxd5 17. Qxd5 0-0 18. Rad1 Rfd8 19. Rd3 Rab8 20. Re2 Rb6 21. h4 Rdb8 22. Ra3 Be7 23. Bh3 Qb7 24. Qxb7 R8xb7 25. Bc8 Ra7 26. Kf1 Kf8 27. Ke1 a5 28. Kd1 h5 29. Kc1 Bd8 30. f3 Bf6 31. Rh2 Rb4 32. Rc3 Ke7 33. Bh3 Rb8 34. Bf1 a4 35. Bd3 Rab7 36. Ra3 Rb4 37. Rc2 g5 38. Rh2 gxh4 39. gxh4 Rg8 40. b3 axb3 41. axb3 Rg1+ 42. Kc2 Rb8 43. Ra7+ Ke6 44. Kc3 Bg7 45. Rha2 Bh6 46. Rc7 Rc1+ 47. Bc2 Rg8 48. b4 Rf1 49. Raa7 cxb4+ 50. Kb2 Bc1+ 51. Ka2 Be3 52. c5 Rf2 53. Re7+ Kf6 54. Rxf7+ Kg6 55. Kb3 dxc5 56. Ka4 Rxc2 57. Rac7 Ra2+ 58. Kb5 Rd2 59. Kc6 Bf2 60. f4 Bxh4 61. fxe5 b3 62. Rf1 Bf2 63. e6 c4 64. Rf7 b2 65. Rf3 c3 66. e7 c2 67. Rf8 c1Q+ 68. Kb5 b1Q+ 69. Ka4 Ra2# 0-1

[Event "Pardubice Czech op-A 27th"]
[Site "Pardubice"]
[Date "2016.07.27"]
[Round "6"]
[White "Meyer, Henrik"]
[Black "Nun, Jiri"]
[Result "1/2-1/2"]
[WhiteElo "2138"]
[BlackElo "2317"]
[PlyCount "52"]
[EventDate "2016.07.22"]
[EventType "swiss"]
[EventRounds "9"]
[EventCountry "CZE"]
[SourceTitle "CBM 173 Extra"]
[Source "ChessBase"]
[SourceDate "2016.08.29"]
[SourceVersion "1"]
[SourceVersionDate "2016.08.29"]
[SourceQuality "1"]

1. e4 c6 2. d4 g6 3. Nc3 Bg7 4. Nf3 d6 5. h3 Nf6 6. a4 0-0 7. Be2 b6 8. Be3 Bb7 9. 0-0 Nbd7 10. Qd2 a6 11. e5 Ne8 12. e6 fxe6 13. Ng5 Nc7 14. Bg4 Rf6 15. Nce4 Nf8 16. h4 d5 17. Nxf6+ exf6 18. Nf3 Ne8 19. a5 b5 20. Qb4 Nd6 21. Nd2 Nf7 22. g3 f5 23. Bh3 Nd7 24. f4 Bf8 25. Qc3 Nd6 26. Rfe1 Nf6 1/2-1/2

[Event "GER-ch U25-A"]
[Site "Willingen"]
[Date "2016.05.21"]
[Round "9"]
[White "Meissner, Felix"]
[Black "Meyer, Henrik"]
[Result "0-1"]
[WhiteElo "2287"]
[BlackElo "2068"]
[PlyCount "116"]
[EventDate "2016.05.15"]
[EventType "swiss"]
[EventRounds "9"]
[EventCountry "GER"]
[SourceTitle "CBM 172 Extra"]
[Source "ChessBase"]
[SourceDate "2016.06.21"]
[SourceVersion "1"]
[SourceVersionDate "2016.06.21"]
[SourceQuality "1"]

1. e4 c5 2. Nf3 d6 3. d4 cxd4 4. Nxd4 Nf6 5. f3 e5 6. Bb5+ Nbd7 7. Nf5 d5 8. exd5 a6 9. Bxd7+ Qxd7 10. Ne3 b5 11. 0-0 Bb7 12. Re1 Bc5 13. Kh1 0-0 14. Nc3 Bb6 15. Qd3 Rfe8 16. Bd2 Rad8 17. Rad1 Bd4 18. Ne4 Nxd5 19. Nxd5 Qxd5 20. Ng5 g6 21. Ne4 Qe6 22. Qa3 f6 23. Ba5 Rc8 24. c3 Bxe4 25. cxd4 Bc2 26. d5 Qd7 27. Rd2 e4 28. fxe4 Bxe4 29. Red1 Re5 30. d6 Rg5 31. Qe3 Re8 32. Qb3+ Kh8 33. Qc3 Kg8 34. Rf1 Qb7 35. Qh3 Bf5 36. Qb3+ Kg7 37. Qd5 Qd7 38. Qf3 Re6 39. Rfd1 Bg4 40. Qd3 Bxd1 41. Rxd1 Qc6 42. Qf1 Rxd6 43. Re1 Re6 44. Rd1 Re4 45. Bc3 Re6 46. h3 Rd5 47. Rc1 Qd6 48. Qf3 Rd3 49. Qf1 b4 50. Bxb4 Qd5 51. Rc7+ Kg8 52. Rc8+ Kf7 53. Kh2 Qe5+ 54. Kh1 Qd5 55. Kh2 Qd7 56. Rc2 a5 57. Qf4 g5 58. Qb8 Re8 0-1

[Event "GER-ch U25-A"]
[Site "Willingen"]
[Date "2016.05.19"]
[Round "7"]
[White "Wenninger, Philipp"]
[Black "Meyer, Henrik"]
[Result "1/2-1/2"]
[WhiteElo "2352"]
[BlackElo "2068"]
[PlyCount "25"]
[EventDate "2016.05.15"]
[EventType "swiss"]
[EventRounds "9"]
[EventCountry "GER"]
[SourceTitle "CBM 172 Extra"]
[Source "ChessBase"]
[SourceDate "2016.06.21"]
[SourceVersion "1"]
[SourceVersionDate "2016.06.21"]
[SourceQuality "1"]

1. d4 g6 2. e4 Bg7 3. Nc3 d6 4. f4 a6 5. a4 Nc6 6. Be3 Nf6 7. Nf3 d5 8. e5 Ng4 9. Bg1 Nh6 10. Bf2 Ng4 11. Bg1 Nh6 12. Bf2 Ng4 13. Bg1 1/2-1/2

[Event "GER-ch U25-A"]
[Site "Willingen"]
[Date "2016.05.15"]
[Round "1"]
[White "Meyer, Henrik"]
[Black "Wensing, Maximilian"]
[Result "1-0"]
[WhiteElo "2068"]
[BlackElo "1814"]
[PlyCount "63"]
[EventDate "2016.05.15"]
[EventType "swiss"]
[EventRounds "9"]
[EventCountry "GER"]
[SourceTitle "CBM 172 Extra"]
[Source "ChessBase"]
[SourceDate "2016.06.21"]
[SourceVersion "1"]
[SourceVersionDate "2016.06.21"]
[SourceQuality "1"]

1. e4 c5 2. Nf3 d6 3. d4 cxd4 4. Nxd4 Nf6 5. Nc3 a6 6. Bg5 e6 7. f4 Be7 8. Qf3 Nbd7 9. 0-0-0 Qc7 10. g4 h6 11. Bxf6 Bxf6 12. h4 g5 13. hxg5 hxg5 14. Rxh8+ Bxh8 15. f5 Be5 16. fxe6 Bf4+ 17. Kb1 Ne5 18. Nd5 Qd8 19. exf7+ Kxf7 20. Qb3 Kg7 21. Nb6 Bxg4 22. Nxa8 Qxa8 23. Nf5+ Kh8 24. Rxd6 Bxf5 25. exf5 Qf8 26. Rd1 Ng4 27. Qh3+ Nh6 28. Qc3+ Qg7 29. f6 Qf7 30. Bc4 Qh5 31. f7+ Kh7 32. f8N# 1-0

[Event "Pardubice Czech op-A 26th"]
[Site "Pardubice"]
[Date "2015.07.28"]
[Round "5.88"]
[White "Meyer, Henrik"]
[Black "Kubik, Michael"]
[Result "0-1"]
[WhiteElo "2100"]
[BlackElo "2275"]
[PlyCount "72"]
[EventDate "2015.07.24"]
[EventType "swiss"]
[EventRounds "9"]
[EventCountry "CZE"]
[SourceTitle "EXT 2017"]
[Source "ChessBase"]
[SourceDate "2016.10.25"]
[SourceVersion "1"]
[SourceVersionDate "2016.10.25"]
[SourceQuality "1"]

1. d4 f5 2. Nc3 d5 3. Bf4 c6 4. e3 e6 5. Nf3 Nf6 6. Bd3 Be7 7. h3 Nbd7 8. Ne2 Ne4 9. c3 0-0 10. Qc2 Ndf6 11. g4 c5 12. dxc5 Nxc5 13. gxf5 exf5 14. 0-0-0 Qa5 15. Kb1 Nfe4 16. Ned4 Bd7 17. Bxe4 dxe4 18. Ne5 Ba4 19. b3 Be8 20. b4 Qb6 21. Nc4 Qa6 22. Nb2 Nd7 23. f3 Rc8 24. fxe4 fxe4 25. Rhg1 Bf7 26. Nb3 Nf6 27. Bh6 Nh5 28. Bf4 Nxf4 29. exf4 Bxb4 30. Qxe4 Bxc3 31. f5 Rfe8 32. Qg4 Re2 33. Rg2 Bh5 34. Qg5 Bf6 35. Nc5 Bxg5 36. Nxa6 Rxg2 0-1

[Event "Cologne Longerich op-A 10th"]
[Site "Cologne"]
[Date "2013.07.20"]
[Round "2"]
[White "Meyer, Henrik"]
[Black "Zilberman, Rodion"]
[Result "1-0"]
[WhiteElo "1667"]
[BlackElo "1794"]
[PlyCount "75"]
[EventDate "2013.07.19"]
[EventType "tourn"]
[EventRounds "5"]
[EventCountry "GER"]
[SourceTitle "EXT 2017"]
[Source "ChessBase"]
[SourceDate "2016.10.25"]
[SourceVersion "1"]
[SourceVersionDate "2016.10.25"]
[SourceQuality "1"]

1. b3 d6 2. Bb2 Nf6 3. c4 g6 4. Nc3 Bg7 5. d4 0-0 6. e4 c6 7. Nf3 Bg4 8. Be2 Qc7 9. Qd2 a6 10. a4 Nbd7 11. 0-0 Bxf3 12. Bxf3 e5 13. d5 c5 14. a5 Qd8 15. Na4 b5 16. cxb5 axb5 17. Nc3 Rxa5 18. Qe2 b4 19. Nb5 Ne8 20. Rxa5 Qxa5 21. Ra1 Qd8 22. Na7 Nb8 23. Qb5 f5 24. exf5 gxf5 25. Nc6 Nxc6 26. dxc6 Nc7 27. Qb7 Qb8 28. Ra7 Qxb7 29. cxb7 Rb8 30. Ra8 Nxa8 31. bxa8Q Rxa8 32. Bxa8 Bh6 33. Kf1 Kf8 34. Ke1 Ke7 35. Bd5 Bg5 36. g3 Bf6 37. Bc1 e4 38. h4 1-0